| 000 | 00541nam a22001937a 4500 | ||
|---|---|---|---|
| 005 | 20241127133905.0 | ||
| 008 | 241127b |||||||| |||| 00| 0 eng d | ||
| 022 | _a18738192 | ||
| 040 |
_aKMU _cKMU _dKMU |
||
| 110 | _aTechnical Centre for Agricultural and Rural Cooperation (CTA) | ||
| 245 | _aMaking sweet potato chips and flour | ||
| 260 |
_aNetherlands: _bCTA, _c2007 |
||
| 300 |
_aI,6 P.: _bill.; _c7cm |
||
| 490 | _aCTA practical guide series, N0.6 | ||
| 650 | _aChips | ||
| 650 | _asweet potato | ||
| 650 | _2Flour | ||
| 942 |
_cSE _n0 |
||
| 999 |
_c1460 _d1460 |
||